000 00296nam a22001337a 4500
008 171106b xxu||||| |||| 00| 0 eng d
020 _a0060428821
041 _aeng
080 _a330722.6
100 _a61
101 _aKON
245 _aINTERNATIONAL ACCOUTING
_cHOLZER.H.P
942 _2udc
_cBK
999 _c37889
_d37889